Country Names Game #10 - Statistics

General Stats
  • This quiz has been taken 298 times
  • The average score is 7 of 12
Answer Stats
Game Country % Correct
Pretoria,Johannesburg,three capitals South Africa
98%
Other African country that starts with "South",Juba South Sudan
92%
Common as DRC Democratic Republic of the Congo
91%
Its other name is Cote D'Ivoire Ivory Coast
91%
Little country that borders Cameroon and Gabon Equatorial Guinea
62%
Its second word starts with F Burkina Faso
54%
Island country with an italian word in its name Cape Verde
51%
Its capital is Freetown Sierra Leone
50%
Its ^ west border Republic of the Congo
46%
Least guessed country in "Countries of the World Quiz" Sao Tome and Principe
44%
Its capital is Bangui Central African Republic
31%
Other African country with more than one word: Guinea Bissau
30%
No matching quizzes found
Score Distribution
Percent of People with Each Score
Percentile by Number Answered
Your Score History
You have not taken this quiz